Pattern of urban development and morphology of Indian cities (Record no. 415927)

000 -LEADER
fixed length control field 00308cam a22000977a 4500
008 - FIXED-LENGTH DATA ELEMENTS--GENERAL INFORMATION
fixed length control field 180718b1950 xxu||||| |||| 00| 0 eng d
082 ## - DEWEY DECIMAL CLASSIFICATION NUMBER
Classification number J72 x54 Al 11
245 ## - TITLE STATEMENT
Title Pattern of urban development and morphology of Indian cities
Statement of responsibility, etc. By Manzoor Alam et al.
260 ## - PUBLICATION, DISTRIBUTION, ETC.
Place of publication, distribution, etc. Calcutta
Name of publisher, distributor, etc. Govt. of India
Date of publication, distribution, etc. 1950
300 ## - PHYSICAL DESCRIPTION
Extent 35p.
Holdings
Withdrawn status Lost status Damaged status Not for loan Permanent Location Current Location Date acquired Full call number Barcode Date last seen Price effective from Koha item type
        Indian Institute of Public Administration Indian Institute of Public Administration 2009-03-09 J72 x54 Al 11 D2006 2018-07-21 2018-07-21 D

Powered by Koha